Modelovanie a statická analýza podjazdného zásobníka

Saved in:
Bibliographic Details
Main Author: Nižňanský, Lukáš (Author)
Other Authors: Prekop, Ľubomír (Thesis advisor)
Format: Manuscript Book
Language:Slovak
Published: 2016
Subjects:
Online Access:http://is.stuba.sk/zp/portal_zp.pl?podrobnosti=108455
https://opac.crzp.sk/?fn=detailBiblioForm&sid=B0ECE52FE577B8B959CF6BE96922
Tags: Add Tag
No Tags, Be the first to tag this record!

MARC

LEADER 00000ntm a22000003a 4500
001 stuzp57107
003 SK-STU
005 20230627104340.8
007 ta
008 150427s2015----xo-----f-mn---000-0-slo-d
040 |a STU  |b slo 
041 0 |a slo 
100 1 |a Nižňanský, Lukáš  |u 010250  |4 aut  |U SvF Stavebná fakulta  |T SvF Katedra stavebnej mechaniky  |X 74773  |U V250  |Y 26  |7 74773 
242 0 1 |a Modeling and static analysis of silo  |y eng 
245 1 0 |a Modelovanie a statická analýza podjazdného zásobníka 
260 |c 2016 
650 4 |a statická analýza  |2 slo 
650 4 |a podjazdný zásobník  |2 slo 
650 4 |a RFEM  |2 slo 
650 4 |a silo  |2 eng 
650 4 |a static analysis  |2 eng 
650 4 |a RFEM  |2 eng 
700 1 |a Prekop, Ľubomír  |u 010250  |k Z1  |4 ths  |U SvF Stavebná fakulta  |T SvF Katedra stavebnej mechaniky  |X 757  |U V250  |Y 26  |7 A000000757 
856 4 |u http://is.stuba.sk/zp/portal_zp.pl?podrobnosti=108455 
856 4 |u https://opac.crzp.sk/?fn=detailBiblioForm&sid=B0ECE52FE577B8B959CF6BE96922 
SQL |a stuzp57107  |b DBP  |c SLO  |d Modelovanie a statická analýza podjazdného zásobníka  |e 74773  |f Nižňanský, Lukáš  |g 010250  |h 757  |i Prekop, Ľubomír  |j 20160622  |k 1  |l 01  |m http://is.stuba.sk/zp/portal_zp.pl?podrobnosti=108455  |n B-IKD  |o 5.1.5. inžinierske konštrukcie a dopravné stavby